000 00796nam a22002657a 4500
001 00005160
003 DO-SdBNP
005 20180119113941.0
007 00005160
008 160615b 1989 sa a b ||||| |||| 00| 0 spa d
020 _a8401479045
040 _aBPMSU
_bspa
_cBPMSU
092 _axxxx
_bxxxx
100 1 _aBenítez, J. J.,
_d1946-
245 1 0 _a100.000 kilómetros tras los ovnis /
_cJ.J. Benítez.
246 1 0 _aCien mil kilómetros tras los ovnis
250 _a3ª ed.
260 _aEsplugas de Llobregat (Barcelona) :
_bPlaza & Janés,
_c1989.
300 _a334 p. :
_bil., mapas retrs. ;
_c18 cm.
490 1 _aOtros horizontes
_v20/4
830 0 _aOtros horizontes
_n20/4
942 _2ddc
_cBK
945 _aInventariado, 2018/LP
956 _aLOPEREZ
_b10
_c20160615
999 _c10392
_d10392